LEADER 01674nas 2200337 n 450 001 990008917700403321 005 20240229084533.0 035 $a000891770 035 $aFED01000891770 035 $a(Aleph)000891770FED01 035 $a000891770 091 $2CNR$aP 00011326 100 $a20161109a18899999km-y0itaa50------ba 101 0 $ager 102 $aDE 110 $aauu-------- 200 1 $aBibliographischer Monatsbericht uber neu erschienene Schul-Universitaets- und Hochschulschriften 207 1$a1889- 210 $aLeipzig$c[s.n.] 530 0 $aBibliographischer Monatsbericht uber neu erschienene Schul-Universitaets- und Hochschulschriften 675 $a014 801 0$aIT$bACNP$c20090723 859 4 $uhttp://acnp.cib.unibo.it/cgi-ser/start/it/cnr/dc-p1.tcl?catno=5193&person=false&language=ITALIANO&libr=&libr_th=unina1$zBiblioteche che possiedono il periodico 901 $aSE 912 $a990008917700403321 958 $aBiblioteca Centrale della Facoltà di Giurisprudenza dell'Università di Napoli Federico II$b1908-1915;1922-1927;1930;$c1912-1915;1922-1923;$ePer. est. 218$fFGBC 959 $aFGBC 996 $aBibliographischer Monatsbericht uber neu erschienene Schul-Universitaets- und Hochschulschriften$9799636 997 $aUNINA AP1 8 $6866-01$aNA073 Biblioteca Centrale della Facoltà di Giurisprudenza dell'Università di Napoli Federico II$bPer. est. 218$eCorso Umberto I, 80138 Napoli (NA)$m0812537531/33$m0812537532$nit AP2 40$aacnp.cib.unibo.it$nACNP Italian Union Catalogue of Serials$uhttp://acnp.cib.unibo.it/cgi-ser/start/it/cnr/df-p.tcl?catno=5193&language=ITALIANO&libr=&person=&B=1&libr_th=unina&proposto=NO LEADER 01894nam0 22004093i 450 001 VAN0254343 005 20230523101318.180 017 70$2N$a9783642878879 100 $a20230209d1958 |0itac50 ba 101 $aeng 102 $aDE 105 $a|||| ||||| 200 1 $aPolynomial Expansions of Analytic Functions$fRalph P. jr. Boas, R. Creighton Buck 210 $aBerlin$cSpringer$d1958 215 $aviii, 77 p.$cill.$d24 cm 410 1$1001VAN0254309$12001 $aErgebnisse der Mathematik und ihrer Grenzgebiete, 2. Folge$1210 $aBerlin$cSpringer$1300 $aDal 1976 aggiunge il complemento tit.: A series of modern surveys in mathematics$v19 606 $a58-XX$xGlobal analysis, analysis on manifolds [MSC 2020]$3VANC019758$2MF 606 $a46-XX$xFunctional analysis [MSC 2020]$3VANC019764$2MF 606 $a30-XX$xFunctions of a complex variable [MSC 2020]$3VANC020785$2MF 610 $aAnalytic functions$9KW:K 610 $aComplex Analysis$9KW:K 610 $aFunctions$9KW:K 610 $aFunktionentheorie$9KW:K 610 $aMathematics$9KW:K 620 $dBerlin$3VANL000066 700 1$aBoas$bRalph P. jr.$3VANV039955$0547677 701 1$aBuck$bRobert C.$3VANV207416$0155294 712 $aSpringer $3VANV108073$4650 790 1$aBuck, R. Creighton$zBuck, Robert C.$3VANV207417 801 $aIT$bSOL$c20240614$gRICA 856 4 $uhttps://doi.org/10.1007/978-3-642-87887-9$zE-book ? Accesso al full-text attraverso riconoscimento IP di Ateneo, proxy e/o Shibboleth 899 $aBIBLIOTECA DEL DIPARTIMENTO DI MATEMATICA E FISICA$1IT-CE0120$2VAN08 912 $fN 912 $aVAN0254343 950 $aBIBLIOTECA DEL DIPARTIMENTO DI MATEMATICA E FISICA$d08CONS e-book 5273 $e08eMF5273 20230217 996 $aPolynomial Expansions of Analytic Functions$93008592 997 $aUNICAMPANIA